[Event "Positano op 6th"]
[Site "Positano"]
[Date "2009.12.05"]
[Round "2"]
[White "Carnicelli, Valerio"]
[Black "Gambardella, Gesualdo"]
[Result "1-0"]
[WhiteElo "1756"]
[BlackElo "1494"]
[PlyCount "45"]
[EventDate "2009.12.05"]
[EventType "swiss"]
[EventRounds "7"]
[EventCountry "ITA"]
[SourceTitle "EXT 2012"]
[Source "ChessBase"]
[SourceDate "2011.11.24"]
[SourceVersion "1"]
[SourceVersionDate "2011.11.24"]
[SourceQuality "1"]

1. e4 c5 2. Nf3 g6 3. d4 cxd4 4. Nxd4 Bg7 5. Nc3 Nc6 6. Be3 e6 7. Qd2 a6 8. 0-0-0 Nge7 9. h4 h5 10. f4 d5 11. exd5 exd5 12. Nxc6 bxc6 13. Bd4 f6 14. Re1 0-0 15. Bc5 Re8 16. Qe3 Kf7 17. Bd3 f5 18. Nd1 d4 19. Bc4+ Kf8 20. Qg3 Bh6 21. Qxg6 Bxf4+ 22. Kb1 Qd5 23. Bxd5 1-0

[Event "Positano op 6th"]
[Site "Positano"]
[Date "2009.12.05"]
[Round "1"]
[White "Gambardella, Gesualdo"]
[Black "Trifoglio, Giovanni"]
[Result "0-1"]
[WhiteElo "1494"]
[BlackElo "1917"]
[PlyCount "86"]
[EventDate "2009.12.05"]
[EventType "swiss"]
[EventRounds "7"]
[EventCountry "ITA"]
[SourceTitle "EXT 2012"]
[Source "ChessBase"]
[SourceDate "2011.11.24"]
[SourceVersion "1"]
[SourceVersionDate "2011.11.24"]
[SourceQuality "1"]

1. e4 c5 2. Nf3 e6 3. Nc3 Nc6 4. d4 cxd4 5. Nxd4 a6 6. Be2 Nge7 7. 0-0 Nxd4 8. Qxd4 Nc6 9. Qd1 b5 10. a3 Bb7 11. Re1 Rc8 12. Bf3 Ne5 13. Bd2 Nxf3+ 14. Qxf3 Be7 15. Qd3 d6 16. Ne2 0-0 17. f4 Qc7 18. Bc3 e5 19. fxe5 dxe5 20. Ng3 g6 21. Qe2 f6 22. Qg4 Kh8 23. Re2 Rcd8 24. h4 Qd7 25. Qxd7 Rxd7 26. h5 Kg7 27. Bd2 Rfd8 28. Rd1 Bc5+ 29. Kh2 Bd4 30. h6+ Kf7 31. Ba5 Bxb2 32. Rxd7+ Rxd7 33. Bb4 Bc1 34. c4 bxc4 35. Rc2 Bxh6 36. Rxc4 Bf4 37. Kh3 h5 38. Ne2 Be3 39. Nc3 Bd2 40. Nd5 Bxd5 41. exd5 Bxb4 42. axb4 Rxd5 43. Rc7+ Ke6 0-1